书目信息 |
| 题名: |
成本会计
|
|
| 作者: | 王立彦 , 徐浩萍 , 饶菁 编著 | |
| 分册: | ||
| 出版信息: | 上海 复旦大学出版社 2005 |
|
| 页数: | 297页 | |
| 开本: | 26cm | |
| 丛书名: | ||
| 单 册: | ||
| 中图分类: | F234.2 | |
| 科图分类: | ||
| 主题词: | 成本会计--高等学校--教材 , 成本会计 | |
| 电子资源: | ||
| ISBN: | 7-309-04814-8 | |
| 000 | 01246nam0 2200301 450 | |
| 001 | 012007033284 | |
| 005 | 20070515144644.70 | |
| 010 | @a7-309-04814-8@dCNY32.00 | |
| 100 | @a20070427d2005 km y0chiy0120 ea | |
| 101 | 0 | @achi |
| 102 | @aCN@b310000 | |
| 105 | @ay z 000yy | |
| 106 | @ar | |
| 200 | 1 | @a成本会计@Acheng ben kuai ji@e以管理控制为核心@f王立彦,徐浩萍,饶菁编著@Fwang li yan,xu hao ping,rao jing bian zhu@zeng |
| 210 | @a上海@c复旦大学出版社@d2005 | |
| 215 | @a297页@d26cm | |
| 300 | @a复旦博学·21世纪高等院校会计专业主干课系列 | |
| 330 | @a全书分三篇共计十五章阐述成本会计基础、成本核算与分析、成本管理控制。诸多经典成本会计及成本管理案例以专栏形式穿插其中,同时附以思考与练习题,改变了同类教科书中僵硬的理论表述和枯燥的财务数据堆砌风格,是一本适合大学会计、财务管理本科专业及MBA课堂教学的教材,也可作为企业改进成本管理、增进企业价值的参考学习用书。 | |
| 510 | 1 | @aCost accounting@zeng |
| 517 | 1 | @a以管理控制为核心@Ayi guan li kong zhi wei he xin |
| 606 | 0 | @a成本会计@x高等学校@j教材 |
| 606 | 0 | @a成本会计 |
| 690 | @aF234.2@v4 | |
| 701 | 0 | @a王立彦@Awang li yan@4编著 |
| 701 | 0 | @a徐浩萍@Axu hao ping@c(会计)@4编著 |
| 701 | 0 | @a饶菁@Arao jing@4编著 |
| 801 | 0 | @aCN@bRULIN@c20070515 |
| 905 | @dF234.2@e229 | |
| 成本会计:以管理控制为核心/王立彦,徐浩萍,饶菁编著.-上海:复旦大学出版社,2005 |
| 297页;26cm |
| 复旦博学·21世纪高等院校会计专业主干课系列 |
| ISBN 7-309-04814-8:CNY32.00 |
| 全书分三篇共计十五章阐述成本会计基础、成本核算与分析、成本管理控制。诸多经典成本会计及成本管理案例以专栏形式穿插其中,同时附以思考与练习题,改变了同类教科书中僵硬的理论表述和枯燥的财务数据堆砌风格,是一本适合大学会计、财务管理本科专业及MBA课堂教学的教材,也可作为企业改进成本管理、增进企业价值的参考学习用书。 |
| ● |
| 相关链接 |
|
|
|
|
正题名:成本会计
索取号:F234.2/229
 
预约/预借
| 序号 | 登录号 | 条形码 | 馆藏地/架位号 | 状态 | 备注 |
| 1 | 0571367 | 205713673 | 第一样本阅览室/ [索取号:F234.2/229] | 在馆 | |
| 2 | 0571368 | 205713682 | 第一借阅区/ [索取号:F234.2/229] | 在馆 | |
| 3 | 0571369 | 205713691 | 第一借阅区/ [索取号:F234.2/229] | 在馆 | |
| 4 | 0571370 | 205713708 | 第一借阅区/ [索取号:F234.2/229] | 在馆 | |
| 5 | 0571371 | 205713717 | 第一借阅区/ [索取号:F234.2/229] | 在馆 |